Historias de papel / (Registro nro. 4530)

Detalles MARC
000 -LEADER
fixed length control field 00738nam a2200217Ia 4500
003 - CONTROL NUMBER IDENTIFIER
control field OSt
005 - DATE AND TIME OF LATEST TRANSACTION
control field 20200916100517.0
008 - FIXED-LENGTH DATA ELEMENTS--GENERAL INFORMATION
fixed length control field 191128t2007 ck ao gr 001 0dund d
020 ## - INTERNATIONAL STANDARD BOOK NUMBER
International Standard Book Number 9789589720240
040 ## - CATALOGING SOURCE
Original cataloging agency CO-JMCR
Transcribing agency CO-JMCR
041 0# - LANGUAGE CODE
Language code of text/sound track or separate title spa
082 04 - DEWEY DECIMAL CLASSIFICATION NUMBER
Classification number 770.986 /
Item number D946h
Edition number 23
100 1# - MAIN ENTRY--PERSONAL NAME
Personal name Duque, Carlos,
Relator term autor
9 (RLIN) 10247
245 10 - TITLE STATEMENT
Title Historias de papel /
Statement of responsibility, etc. Carlos Duque
260 ## - PUBLICATION, DISTRIBUTION, ETC.
Place of publication, distribution, etc. [Bogotá] :
Name of publisher, distributor, etc. Ojo por Hoja Ediciones,
Date of publication, distribution, etc. ©2007
300 ## - PHYSICAL DESCRIPTION
Extent [309] páginas :
Other physical details principalmente fotografías a color ;
Dimensions 31 cm.
500 ## - GENERAL NOTE
General note Incluye datos biográficos del autor en la solapa e índice de fotografías.
650 14 - SUBJECT ADDED ENTRY--TOPICAL TERM
Topical term or geographic name entry element Personajes
General subdivision fotografías
Geographic subdivision Colombia
9 (RLIN) 10248
650 14 - SUBJECT ADDED ENTRY--TOPICAL TERM
Topical term or geographic name entry element Fotografías colombianas
9 (RLIN) 10249
942 ## - ADDED ENTRY ELEMENTS (KOHA)
Source of classification or shelving scheme Dewey Decimal Classification
Koha item type Books
Existencias
Withdrawn status Lost status Source of classification or shelving scheme Damaged status Not for loan Collection code Home library Current library Date acquired Source of acquisition Full call number Barcode Date last seen Copy number Koha item type
    Dewey Decimal Classification     Non-fiction Biblioteca Pública José María del Castillo y Rada Biblioteca Pública José María del Castillo y Rada 12/12/2018 Donación 770.986 / D946h 201809404 05/16/2024 Ej.1 Books